000 01411nam a22002777a 4500
003 DO-SdBNP
005 20220225113403.0
008 210427b ||||| |||| 00| 0 spa d
020 _a9789993469193
040 _aBPMSU
_bspa
_cBPMSU
082 _aRD868.44
_bM671F
_222
100 _aFornerín, Miguel Ángel
245 1 3 _aLa Escritura de Pedro Mir /
_cMiguel Ángel Fornerín
260 _aSan Juan, Puerto Rico :
_bCentro de Estudios Avanzados de Puerto Rico y el Caribe,
_c2014.
300 _a348 p. ;
_c22 cm.
500 _aIncluye datos biográficos del autor en la Solapa.de la cubierta
500 _aIncluye referencias bibliográficas y notas al pie de las páginas
504 _aBibliográfica : p. 343 - 347
505 0 _aCronología de la vida de Pedro Mir Valentín --. Introducción: Mir en su tiempo, literatura y cultura en América Latina y el Caribe --. El sentido de la historia --. Narrativa e historicidad en la obra de Pedro Mir --. Poética histórica y poética política -- La tierra y la pluralidad latinoamericana --. La estética en la obra de Pedro Mir -- Hay un poeta en el mundo.
590 _ainventariado, 2021 / MC
600 1 4 _aMir, Pedro,
_d1913-2000
_xCrítica e interpretación.
650 4 _aLiteratura dominicana.
710 2 _aCentro de Estudios Avanzados de Puerto Rico y el Caribe.
910 _aMcabrera /VMateo V.
942 _2ddc
_cBK
999 _c13438
_d13438